00512 2200205 4500001002100000008004100021035002000062245006800082100002300150250000600173260003200179300001100211084001400222082000800236650001400244990001200258990001200270990001200282990001200294INLIS000000000000494 ind  a0010-0424000470 aServis Sistem Bahan Bakar Sepeda MotorcArif Hidayatullah, S.Pd aHidayatullah, Arif a1 aYogyakarta :bInsaniac2012 a84 hlm a600 ARI s a600 aNon Fiksi a0721996 a0721997 a0721998 a0721999